Sociolinguistics

The book covers the standard topics in sociolinguistics, including: language variation, language varieties, code-switching, anthropological linguistics, gender differences, and educational implications of sociolinguistics

Enregistré dans:
Détails bibliographiques
Auteur principal: Spolsky, Bernard
Format: Livre
Langue:Undetermined
Publié: Oxford Oxford University Press 2010
Sujets:
Tags: Ajouter un tag
Pas de tags, Soyez le premier à ajouter un tag!
Thư viện lưu trữ: Trung tâm Học liệu Trường Đại học Cần Thơ
LEADER 00746nam a2200193Ia 4500
001 CTU_153390
008 210402s9999 xx 000 0 und d
082 |a 306.44 
082 |b S762 
100 |a Spolsky, Bernard 
245 0 |a Sociolinguistics 
245 0 |c Bernard Spolsky 
260 |a Oxford 
260 |b Oxford University Press 
260 |c 2010 
520 |a The book covers the standard topics in sociolinguistics, including: language variation, language varieties, code-switching, anthropological linguistics, gender differences, and educational implications of sociolinguistics 
650 |a Sociolinguistics,Ngôn ngữ xã hội học 
904 |i Bạch Trúc 
980 |a Trung tâm Học liệu Trường Đại học Cần Thơ